000
00303nam a22001217a 4500
003
OSt
008
231114b |||||||| |||| 00| 0 eng d
041
_a
mal
100
_a
Joseph, A.K.
_9
5368
245
_a
Sasyasamrakhanam /
260
_a
Thiruvannathapuram :
_b
Kerala Bhasha Institute,
_c
1970.
942
_c
BK
999
_c
17825
_d
17825